000 01296nam a2200289 a 4500
001 2011282
003 AM-YeHGA
005 20250617165036.0
008 250320s1924 ru ||||| |||| 00| 0 rus d
040 _aAM-YeHGA
041 0 _arus
100 1 _aВасилевский, Илья Маркович
245 1 0 _aРомановы :
_bБыт. Нравы. Портреты. Характеристики /
_cИ.М.Василевский (Не-Буква)
260 _aЛенинград :
_bБ. и.,
_c1924.
300 _a(В одном переплете 2 книги) ; том
501 _aПрилагается Николай II / И.М.Василевский (Не-Буква) ; Петроград - Москва : Изд-во Петроград, 1923
505 1 0 _gТ. 2 (1924, 408 с.) ;
_tЕкатерина II. Александр I. Николай I. Александр II. Александр III
600 1 4 _aЕкатерина II,
_d(1729-1796)
600 1 4 _aАлександр I,
_d(1777-1825)
600 1 4 _aНиколай I,
_d(1796-1855)
600 1 4 _aАлександр II,
_d(1818-1881)
600 1 4 _aАлександр III,
_d(1845-1894)
650 1 4 _aИстория,
_v18 в.
_zРоссия
740 0 2 _aНиколай II
942 _2udc
_cBK
090 _c573149
999 _c533723
_d533723